[Event "TUR-ch U13-U18 Girls"]
[Site "Antalya"]
[Date "2020.01.24"]
[Round "9"]
[White "Turkoglu, Sila Eylul"]
[Black "Aydemir, Sermin Naz"]
[Result "0-1"]
[WhiteElo "1227"]
[BlackElo "1522"]
[PlyCount "188"]
[EventDate "2020.01.19"]
[EventType "swiss"]
[EventRounds "11"]
[EventCountry "TUR"]
[SourceTitle "CBM 195 Extra"]
[Source "ChessBase"]
[SourceDate "2020.05.31"]
[SourceVersion "1"]
[SourceVersionDate "2020.05.31"]
[SourceQuality "1"]

1. e4 c5 2. Nf3 Nc6 3. d4 cxd4 4. Nxd4 g6 5. c4 Bg7 6. Be3 Nf6 7. Nc3 Ng4 8. Nxc6 Nxe3 9. Nxd8 Nxd1 10. Rxd1 Bxc3+ 11. bxc3 Kxd8 12. Be2 b6 13. 0-0 Ba6 14. e5 e6 15. Rd4 Ke7 16. Rfd1 Rhd8 17. R1d2 Rac8 18. f4 Rc5 19. Kf2 Ra5 20. Bd1 Bb7 21. Rd6 Bc6 22. Bf3 Ba4 23. Bb7 Rb8 24. Bf3 Rc8 25. Be2 Rc7 26. g3 Bc6 27. R6d4 Ra3 28. Rc2 Ba4 29. Rb2 Rxc3 30. Rb4 Bc6 31. Rb3 Rxb3 32. axb3 Rb7 33. Ke3 f6 34. Kd2 Rb8 35. exf6+ Kxf6 36. Bg4 b5 37. Kc2 a5 38. cxb5 Rxb5 39. Rc4 Bd5 40. Rc3 Be4+ 41. Kc1 Rd5 42. Be2 g5 43. fxg5+ Rxg5 44. Rc7 d6 45. Rc3 Rf5 46. Bg4 Rf1+ 47. Bd1 Bf5 48. Rc8 Rh1 49. Rf8+ Kg7 50. Rd8 d5 51. Rd7+ Kf6 52. h3 Rxh3 53. g4 Be4 54. Ra7 Bf3 55. Bc2 Bxg4 56. Rxa5 Bf5 57. Bd1 Rc3+ 58. Kb2 Rc7 59. Rb5 Bd3 60. Rb8 e5 61. b4 e4 62. Re8 Re7 63. Rf8+ Ke5 64. Rf2 e3 65. Rh2 Kf4 66. Rh4+ Kg3 67. Rd4 Bc4 68. Rg4+ Kf2 69. Rf4+ Ke1 70. Bg4 Re4 71. Rxe4 dxe4 72. Kc3 Bd3 73. Kd4 Kd2 74. b5 Bxb5 75. Kxe4 e2 76. Bxe2 Bxe2 77. Kf4 h5 78. Kg3 Ke3 79. Kg2 Kf4 80. Kh3 Kg5 81. Kg3 Ba6 82. Kh3 h4 83. Kg2 Kg4 84. Kh2 h3 85. Kg1 Kg3 86. Kh1 Bb7+ 87. Kg1 h2+ 88. Kf1 h1Q+ 89. Ke2 Qf3+ 90. Kd2 Ba6 91. Kc2 Qd3+ 92. Kb2 Bc4 93. Kc1 Qe2 94. Kb1 Bb3 0-1

[Event "TUR-chT 2nd League"]
[Site "Konya"]
[Date "2019.07.27"]
[Round "8.5"]
[White "Aydemir, Sermin Naz"]
[Black "Goksu, Beyza"]
[Result "1-0"]
[WhiteElo "1491"]
[BlackElo "1107"]
[PlyCount "69"]
[EventDate "2019.07.22"]
[EventType "team-swiss"]
[EventRounds "9"]
[EventCountry "TUR"]
[SourceTitle "CBM 191 Extra"]
[Source "ChessBase"]
[SourceDate "2019.09.30"]
[SourceVersion "1"]
[SourceVersionDate "2019.09.30"]
[SourceQuality "1"]
[WhiteTeam "Seyhan Belediye"]
[BlackTeam "Ego Spor"]
[WhiteTeamCountry "TUR"]
[BlackTeamCountry "TUR"]

1. e4 e5 2. Nf3 Nc6 3. Bc4 h6 4. d3 Nf6 5. 0-0 d6 6. c3 Bg4 7. Nbd2 Be7 8. Re1 0-0 9. Bb3 a6 10. Nf1 Nh7 11. h3 Bh5 12. Ng3 Bg6 13. Nh2 Nf6 14. Ng4 Qd7 15. Ne3 Bd8 16. Nef5 Bxf5 17. Nxf5 Ne7 18. g4 Nxf5 19. gxf5 Kh7 20. Kh2 Rg8 21. Rg1 g6 22. Qd2 g5 23. Qe2 c6 24. Bd2 Rg7 25. Rg3 Be7 26. h4 gxh4 27. Rxg7+ Kxg7 28. Rg1+ Kf8 29. Bxh6+ Ke8 30. Bg5 Nh7 31. Bxf7+ Kd8 32. Be6 Qc7 33. Qh5 Nf8 34. Qh8 Qb6 35. Qxf8+ 1-0

[Event "TUR-chT2"]
[Site "Konya"]
[Date "2018.07.14"]
[Round "7.2"]
[White "Hekimoglu, Mihriban"]
[Black "Aydemir, Sermin Naz"]
[Result "0-1"]
[WhiteElo "1467"]
[BlackElo "1436"]
[PlyCount "62"]
[EventDate "2018.07.10"]
[EventType "team-swiss"]
[EventRounds "9"]
[EventCountry "TUR"]
[SourceTitle "EXT 2019"]
[Source "ChessBase"]
[SourceDate "2018.10.10"]
[SourceVersion "1"]
[SourceVersionDate "2018.10.10"]
[SourceQuality "1"]
[WhiteTeam "Mugla Dalaman"]
[BlackTeam "Adana Ceyhan Belediye"]
[WhiteTeamCountry "TUR"]
[BlackTeamCountry "TUR"]

1. d4 e6 2. c4 f5 3. Nc3 Nf6 4. e3 d5 5. Be2 c6 6. cxd5 exd5 7. Nf3 Bd6 8. 0-0 0-0 9. Bd3 Ne4 10. Nd2 Rf6 11. f4 Rh6 12. Qe1 g5 13. Bxe4 fxe4 14. Ndxe4 dxe4 15. Nxe4 gxf4 16. Nxd6 Qxd6 17. Rxf4 Na6 18. Bd2 Bd7 19. Qe2 Rf8 20. Raf1 Rff6 21. Bc3 Nc7 22. e4 Rxf4 23. g3 Rxf1+ 24. Qxf1 Qe6 25. e5 Qh3 26. Qf2 Qf5 27. Qe1 Nd5 28. Bd2 Rg6 29. b3 Qf3 30. Bc1 Bh3 31. Qd2 Qf1# 0-1